[Event "Niedersachsen-ch Seniors op 14th"]
[Site "Bad Bevensen"]
[Date "2011.07.13"]
[Round "9"]
[White "Jesse, Gustav"]
[Black "Neumann, Reinhard"]
[Result "1-0"]
[WhiteElo "1639"]
[BlackElo "1465"]
[PlyCount "55"]
[EventDate "2011.07.05"]
[EventType "swiss"]
[EventRounds "9"]
[EventCountry "GER"]
[SourceTitle "EXT 2012"]
[Source "ChessBase"]
[SourceDate "2011.11.24"]
[SourceVersion "1"]
[SourceVersionDate "2011.11.24"]
[SourceQuality "1"]

1. e4 e5 2. Nf3 Nc6 3. d4 exd4 4. Nxd4 Nxd4 5. Qxd4 Ne7 6. Bc4 Nc6 7. Qd5 Bb4+ 8. c3 0-0 9. cxb4 Nxb4 10. Qd2 Qe7 11. 0-0 Nc6 12. Nc3 d6 13. Re1 Ne5 14. Bb3 c6 15. f4 Ng6 16. Qf2 Be6 17. Bc2 Bc4 18. b3 Ba6 19. Bb2 Qf6 20. g3 h5 21. Nd1 Qd8 22. Ne3 h4 23. Nf5 hxg3 24. hxg3 f6 25. Rad1 d5 26. Nd4 Kf7 27. e5 Rh8 28. e6+ 1-0

[Event "Niedersachsen-ch Seniors op 14th"]
[Site "Bad Bevensen"]
[Date "2011.07.08"]
[Round "4"]
[White "Neumann, Reinhard"]
[Black "Zoeller, Henning"]
[Result "0-1"]
[WhiteElo "1465"]
[BlackElo "1300"]
[PlyCount "58"]
[EventDate "2011.07.05"]
[EventType "swiss"]
[EventRounds "9"]
[EventCountry "GER"]
[SourceTitle "EXT 2012"]
[Source "ChessBase"]
[SourceDate "2011.11.24"]
[SourceVersion "1"]
[SourceVersionDate "2011.11.24"]
[SourceQuality "1"]

1. e4 e5 2. Nf3 Nc6 3. Bc4 Nf6 4. Nc3 Nxe4 5. Bxf7+ Kxf7 6. Nxe4 d5 7. Nfg5+ Kg8 8. Qf3 Qe7 9. 0-0 dxe4 10. Qb3+ Be6 11. Nxe6 Qb4 12. Nxc7+ Qxb3 13. axb3 Rc8 14. Nb5 a6 15. Na3 Nd4 16. c3 Nxb3 17. Ra2 Rd8 18. Nc4 Rd5 19. Rd1 Bc5 20. Kf1 h6 21. Na5 Nxc1 22. Rxc1 Rxd2 23. Nxb7 Bxf2 24. h3 Kh7 25. Na5 Rf8 26. Nc4 Bc5+ 27. Ke1 Rxg2 28. Rd1 Rg1+ 29. Kd2 Rd8+ 0-1

[Event "Niedersachsen-ch Seniors op 14th"]
[Site "Bad Bevensen"]
[Date "2011.07.07"]
[Round "3"]
[White "Pachler, Klaus"]
[Black "Neumann, Reinhard"]
[Result "1-0"]
[WhiteElo "1735"]
[BlackElo "1465"]
[PlyCount "61"]
[EventDate "2011.07.05"]
[EventType "swiss"]
[EventRounds "9"]
[EventCountry "GER"]
[SourceTitle "EXT 2012"]
[Source "ChessBase"]
[SourceDate "2011.11.24"]
[SourceVersion "1"]
[SourceVersionDate "2011.11.24"]
[SourceQuality "1"]

1. e4 c5 2. Nf3 Nc6 3. c3 Nf6 4. Qc2 d6 5. d4 cxd4 6. cxd4 g6 7. Bc4 Bg7 8. 0-0 0-0 9. h3 a6 10. Be3 b5 11. Bxf7+ Kxf7 12. Qxc6 Bd7 13. Qc2 h6 14. Nbd2 Kg8 15. Nh4 Qe8 16. f4 e5 17. dxe5 dxe5 18. fxe5 Nh7 19. Ndf3 g5 20. Nf5 Bxf5 21. exf5 Bxe5 22. Qb3+ Kg7 23. g4 Nf6 24. Rad1 Bxb2 25. Bc5 Rf7 26. Qxb2 Rc8 27. Bd4 Rc4 28. Ne5 Re7 29. Nxc4 Re2 30. Bxf6+ Kh7 31. Qd4 1-0

[Event "Mecklenburg VP-ch Seniors op 09th"]
[Site "Binz"]
[Date "2009.12.09"]
[Round "9.57"]
[White "Neumann, Reinhard"]
[Black "Ludwig, Siegfried"]
[Result "1/2-1/2"]
[WhiteElo "1478"]
[BlackElo "1352"]
[PlyCount "120"]
[EventDate "2009.12.01"]
[EventType "swiss"]
[EventRounds "9"]
[EventCountry "GER"]
[SourceTitle "EXT 2022"]
[Source "ChessBase"]
[SourceDate "2021.10.06"]
[SourceVersion "1"]
[SourceVersionDate "2021.10.06"]
[SourceQuality "1"]

1. e4 e5 2. Nf3 Nc6 3. Bc4 Nf6 4. Nc3 h6 5. d3 d6 6. h3 a6 7. a3 Be7 8. Be3 b5 9. Ba2 Rb8 10. 0-0 0-0 11. Ne2 d5 12. exd5 Nxd5 13. Bd2 Be6 14. Ng3 Kh7 15. Qe2 f6 16. Qe4+ f5 17. Qe2 Qd6 18. c3 Rbe8 19. Rfe1 Nf4 20. Bxf4 exf4 21. Nh5 Bxa2 22. Rxa2 g6 23. Qe6 gxh5 24. Raa1 Qxe6 25. Rxe6 Bd6 26. Rae1 Rxe6 27. Rxe6 Nd8 28. Re2 Rf6 29. Re8 Ne6 30. Ra8 Rg6 31. Rxa6 Nc5 32. Ra5 Nxd3 33. Rxb5 Bc5 34. b4 Bxf2+ 35. Kf1 Bg3 36. Ke2 Rd6 37. Nd4 Nc1+ 38. Kf3 Kg6 39. Rc5 Rd7 40. a4 Kh7 41. Rc6 Nd3 42. Re6 Ne1+ 43. Ke2 Nxg2 44. a5 Ne3 45. a6 c5 46. Nc6 Nc4 47. Re7+ Rxe7+ 48. Nxe7 cxb4 49. cxb4 Bh4 50. Nxf5 Bd8 51. a7 Nb6 52. Nd6 Na8 53. b5 Kg7 54. Nc8 Bc7 55. Kf3 Kf7 56. b6 Bxb6 57. Kxf4 Kf6 58. Nxb6 Nxb6 59. h4 Na8 60. Ke4 Ke6 1/2-1/2

[Event "Bad Bevensen Seniors op 12th"]
[Site "Bad Bevensen"]
[Date "2009.07.12"]
[Round "6"]
[White "Neumann, Reinhard"]
[Black "Husfeld, Peter"]
[Result "0-1"]
[WhiteElo "1478"]
[BlackElo "1688"]
[PlyCount "66"]
[EventDate "2009.07.07"]
[EventType "swiss"]
[EventRounds "9"]
[EventCountry "GER"]
[SourceTitle "EXT 2022"]
[Source "ChessBase"]
[SourceDate "2021.10.06"]
[SourceVersion "1"]
[SourceVersionDate "2021.10.06"]
[SourceQuality "1"]

1. e4 c5 2. Nf3 d6 3. d4 cxd4 4. Nxd4 Nf6 5. Nc3 a6 6. f3 g6 7. Be3 Bg7 8. Bc4 0-0 9. Qd2 Qc7 10. Bb3 Re8 11. 0-0-0 Nbd7 12. a3 Nc5 13. Ba2 Bd7 14. g4 Na4 15. Nxa4 Bxa4 16. h4 e5 17. Nb3 Rac8 18. Rh2 Red8 19. h5 d5 20. hxg6 fxg6 21. Nc5 Bxc2 22. Qxc2 b6 23. exd5 Rd6 24. Nxa6 Qb7 25. Nc5 bxc5 26. Kb1 c4 27. Bxc4 e4 28. g5 Nh5 29. Qxe4 Qd7 30. b3 Re8 31. Qd3 Qe7 32. Bc5 Qe5 33. Bxd6 Qa1+ 0-1

[Event "Mecklenburg VP-ch Seniors op 08th"]
[Site "Plau am See"]
[Date "2008.10.13"]
[Round "8"]
[White "Neumann, Reinhard"]
[Black "Juergens, Peter1111"]
[Result "1/2-1/2"]
[WhiteElo "1538"]
[BlackElo "1812"]
[PlyCount "72"]
[EventDate "2008.10.06"]
[EventType "swiss"]
[EventRounds "9"]
[EventCountry "GER"]
[SourceTitle "EXT 2022"]
[Source "ChessBase"]
[SourceDate "2021.10.06"]
[SourceVersion "1"]
[SourceVersionDate "2021.10.06"]
[SourceQuality "1"]

1. e4 e6 2. d4 d5 3. exd5 exd5 4. Bd3 Nc6 5. Nf3 Bd6 6. Nc3 Nf6 7. Nb5 0-0 8. Nxd6 Qxd6 9. 0-0 Bg4 10. c3 Rfe8 11. h3 Bh5 12. Bf5 Ne7 13. Bd3 Bg6 14. Ne5 Bxd3 15. Qxd3 Ng6 16. f4 Ne4 17. Nf3 c6 18. f5 Nf8 19. Ne5 f6 20. Ng4 Re7 21. Bf4 Qd7 22. Rae1 Rae8 23. Ne3 b5 24. h4 Nd6 25. Bg3 Re4 26. b3 Nf7 27. Rf4 Rxf4 28. Bxf4 Re4 29. Qf1 Qe8 30. Nc2 Nd7 31. Bg3 Nh6 32. Qf3 Rxe1+ 33. Nxe1 Nb6 34. Nd3 Qd7 35. Qf4 Nxf5 36. Qb8+ Kf7 1/2-1/2

[Event "Mecklenburg VP Seniors op 11th"]
[Site "Plau am See"]
[Date "2007.??.??"]
[Round "3"]
[White "Ihde, Hans Werner"]
[Black "Neumann, Reinhard"]
[Result "0-1"]
[WhiteElo "1316"]
[BlackElo "1466"]
[PlyCount "52"]
[EventDate "2007.03.19"]
[EventType "swiss"]
[EventRounds "7"]
[EventCountry "GER"]
[SourceTitle "EXT 2008"]
[Source "ChessBase"]
[SourceDate "2007.11.25"]
[SourceVersion "1"]
[SourceVersionDate "2007.11.25"]
[SourceQuality "1"]

1. e4 c5 2. c3 Nc6 3. d4 cxd4 4. cxd4 e6 5. Nc3 Bb4 6. Nf3 Nf6 7. Bd3 0-0 8. 0-0 a6 9. Qe2 h6 10. a3 Ba5 11. b4 Bb6 12. e5 Ne8 13. Be3 d6 14. Rad1 Kh8 15. Qd2 dxe5 16. dxe5 Bxe3 17. Qxe3 Qc7 18. Na4 f5 19. exf6 Nxf6 20. Qc1 Qf7 21. Nb6 Rb8 22. Rfe1 Ng4 23. Nxc8 Rbxc8 24. Re4 Nd4 25. Qd2 Nxf3+ 26. gxf3 Qxf3 0-1

[Event "Mecklenburg VP Seniors op 11th"]
[Site "Plau am See"]
[Date "2007.??.??"]
[Round "5"]
[White "Neumann, Reinhard"]
[Black "Pfennigschmidt, Georg"]
[Result "0-1"]
[WhiteElo "1466"]
[BlackElo "1527"]
[PlyCount "102"]
[EventDate "2007.03.19"]
[EventType "swiss"]
[EventRounds "7"]
[EventCountry "GER"]
[SourceTitle "EXT 2008"]
[Source "ChessBase"]
[SourceDate "2007.11.25"]
[SourceVersion "1"]
[SourceVersionDate "2007.11.25"]
[SourceQuality "1"]

1. e4 e5 2. Nf3 Nc6 3. Bc4 Bc5 4. 0-0 d6 5. c3 Bg4 6. d3 Qf6 7. Bg5 Qg6 8. Nbd2 f6 9. Bh4 h5 10. Qb3 Bb6 11. Bxg8 Kd7 12. Bf7 Qh6 13. h3 Na5 14. Qa4+ Ke7 15. Bd5 g5 16. Bg3 Bd7 17. Qd1 h4 18. Bxe5 fxe5 19. Nh2 Raf8 20. Ng4 Bxg4 21. Qxg4 Rf4 22. Qe2 Rhf8 23. d4 exd4 24. e5 dxc3 25. exd6+ Kxd6 26. Ne4+ Kd7 27. Rad1 Kc8 28. bxc3 c6 29. Be6+ Kb8 30. Bg4 Re8 31. Bf3 Qe6 32. Rfe1 Qe5 33. Qc2 Qf5 34. Bg4 Qf8 35. Bf3 Qf5 36. Qe2 Rf8 37. Nd6 Qf6 38. Ne4 Qe5 39. Qc2 Nc4 40. Nd6 Qc5 41. Ne4 Qf5 42. Re2 Ne5 43. Bh5 g4 44. hxg4 Nxg4 45. Bxg4 Qxg4 46. Kh2 Rg8 47. f3 Qg6 48. Nd6 Qg7 49. Qd2 Bc7 50. Qxf4 Rf8 51. Qh6 Qxh6 0-1

[Event "Mecklenburg VP-ch Seniors op 06th"]
[Site "Plau am See"]
[Date "2006.10.09"]
[Round "6"]
[White "Schult, Otto"]
[Black "Neumann, Reinhard"]
[Result "1/2-1/2"]
[WhiteElo "1560"]
[BlackElo "1506"]
[PlyCount "96"]
[EventDate "2006.10.04"]
[EventType "swiss"]
[EventRounds "9"]
[EventCountry "GER"]
[SourceTitle "EXT 2022"]
[Source "ChessBase"]
[SourceDate "2021.10.06"]
[SourceVersion "1"]
[SourceVersionDate "2021.10.06"]
[SourceQuality "1"]

1. d4 Nf6 2. c4 e6 3. a3 c5 4. Nf3 cxd4 5. Nxd4 a6 6. Nc3 Qc7 7. e4 Be7 8. Nf3 Nc6 9. h3 b6 10. Be3 0-0 11. Bd3 Rb8 12. 0-0 Bc5 13. Bg5 Nh5 14. Ne2 h6 15. Bd2 Bb7 16. Qc1 Ne5 17. Nxe5 Qxe5 18. Bc3 Qc7 19. b4 Be7 20. g4 Nf6 21. Ng3 Rfc8 22. g5 Nxe4 23. Bxe4 Bxe4 24. c5 Bd3 25. Rd1 Bxg5 26. Qb2 Bg6 27. Be5 Qc6 28. Bxb8 Rxb8 29. Rd6 Qc7 30. Rad1 bxc5 31. Rxd7 Qc8 32. Qc3 cxb4 33. Qxc8+ Rxc8 34. axb4 Rb8 35. R1d4 Bf6 36. Rc4 Kf8 37. Ne4 Bxe4 38. Rxe4 Be7 39. Ra7 Bxb4 40. Rxa6 Be7 41. Rea4 g6 42. Kg2 Kg7 43. Ra7 Bf6 44. Rd7 Rf8 45. Ra6 Kg8 46. Raa7 Kg7 47. Rd6 Kg8 48. Rd3 Kg7 1/2-1/2

[Event "Mecklenburg VP-ch Seniors op 06th"]
[Site "Plau am See"]
[Date "2006.10.08"]
[Round "5"]
[White "Brandt, Fred"]
[Black "Neumann, Reinhard"]
[Result "1-0"]
[WhiteElo "1691"]
[BlackElo "1506"]
[PlyCount "65"]
[EventDate "2006.10.04"]
[EventType "swiss"]
[EventRounds "9"]
[EventCountry "GER"]
[SourceTitle "EXT 2022"]
[Source "ChessBase"]
[SourceDate "2021.10.06"]
[SourceVersion "1"]
[SourceVersionDate "2021.10.06"]
[SourceQuality "1"]

1. d4 Nf6 2. Nf3 e6 3. e3 c5 4. c3 cxd4 5. exd4 b6 6. Bd3 Bb7 7. Bg5 Be7 8. Nbd2 Qc7 9. Ne5 d6 10. Nef3 Nbd7 11. 0-0 Nd5 12. Bxe7 Nxe7 13. Re1 Nf6 14. h3 0-0-0 15. a4 a5 16. b4 Nc6 17. bxa5 Nxa5 18. c4 Kd7 19. Qe2 h6 20. d5 Rhe8 21. dxe6+ fxe6 22. Nd4 Re7 23. Nf5 Ree8 24. Nd4 e5 25. Nf5 Kc8 26. f3 Nh5 27. Be4 Nc6 28. Qe3 Nf4 29. Rab1 d5 30. Bxd5 Nxd5 31. cxd5 Rxd5 32. Nc4 e4 33. Nxb6+ 1-0

[Event "Mecklenburg VP Seniors op 09th"]
[Site "Plau am See"]
[Date "2005.03.18"]
[Round "5"]
[White "Neumann, Reinhard"]
[Black "Gottschalk, Juergen"]
[Result "1-0"]
[WhiteElo "1568"]
[BlackElo "1278"]
[PlyCount "57"]
[EventDate "2005.03.14"]
[EventType "swiss"]
[EventRounds "7"]
[EventCountry "GER"]
[SourceTitle "EXT 2006"]
[Source "ChessBase"]
[SourceDate "2005.11.24"]
[SourceVersion "1"]
[SourceVersionDate "2005.11.24"]
[SourceQuality "1"]

1. e4 e5 2. Nf3 Nc6 3. Bc4 Nf6 4. d3 Be7 5. Nc3 d6 6. h3 0-0 7. Be3 a6 8. Qd2 Na5 9. Bb3 Nxb3 10. axb3 b5 11. 0-0 Bb7 12. Ne2 c5 13. Ng3 Bc8 14. c4 b4 15. Nh2 Bd7 16. f4 exf4 17. Bxf4 a5 18. Bg5 Ne8 19. Bxe7 Qxe7 20. Nf5 Qe5 21. Ng4 Qe6 22. Qg5 f6 23. Qf4 Ra6 24. Rf3 Kh8 25. Rg3 Qf7 26. Nfe3 h5 27. Nh6 gxh6 28. Qxh6+ Qh7 29. Qxf8+ 1-0

[Event "Mecklenburg VP Seniors op 09th"]
[Site "Plau am See"]
[Date "2005.03.17"]
[Round "4"]
[White "Jasinski, Viktor"]
[Black "Neumann, Reinhard"]
[Result "1-0"]
[WhiteElo "1666"]
[BlackElo "1568"]
[PlyCount "93"]
[EventDate "2005.03.14"]
[EventType "swiss"]
[EventRounds "7"]
[EventCountry "GER"]
[SourceTitle "EXT 2006"]
[Source "ChessBase"]
[SourceDate "2005.11.24"]
[SourceVersion "1"]
[SourceVersionDate "2005.11.24"]
[SourceQuality "1"]

1. d4 e6 2. c4 c5 3. g3 cxd4 4. Qxd4 Nc6 5. Qd1 Nf6 6. Bg2 Qc7 7. Nf3 Bc5 8. 0-0 0-0 9. Nc3 a6 10. a3 Rb8 11. b4 Be7 12. Qc2 Nxb4 13. axb4 Qxc4 14. Ne5 Qd4 15. Nf3 Qc4 16. Ne5 Qd4 17. Nd3 Qc4 18. Qb2 Qc7 19. Bg5 Qd8 20. Rfd1 d5 21. Nc5 h6 22. Bf4 Ra8 23. e4 b6 24. Nd3 Bb7 25. exd5 exd5 26. Rac1 Bd6 27. Bxd6 Qxd6 28. Nf4 Rfd8 29. Ncxd5 Nxd5 30. Nxd5 Rac8 31. Nf6+ Qxf6 32. Qxf6 Rxd1+ 33. Rxd1 gxf6 34. Bxb7 Rc4 35. Rb1 a5 36. bxa5 bxa5 37. Bd5 Rd4 38. Rb8+ Kg7 39. Bc6 Rc4 40. Be8 Rb4 41. Rxb4 axb4 42. Ba4 f5 43. f4 Kf6 44. Kf2 Ke7 45. Ke3 Kd6 46. Kd4 h5 47. Bc2 1-0

[Event "Mecklenburg VP-ch Seniors 2nd"]
[Site "Sparow"]
[Date "2002.09.21"]
[Round "9"]
[White "Herzel, Alois"]
[Black "Neumann, Reinhard"]
[Result "1-0"]
[WhiteElo "1836"]
[BlackElo "1544"]
[PlyCount "63"]
[EventDate "2002.09.??"]
[EventType "swiss"]
[EventRounds "9"]
[EventCountry "GER"]
[SourceTitle "EXT 2006"]
[Source "ChessBase"]
[SourceDate "2005.11.24"]
[SourceVersion "1"]
[SourceVersionDate "2005.11.24"]
[SourceQuality "1"]

1. d4 e6 2. c4 c5 3. d5 exd5 4. cxd5 Bd6 5. Nc3 Nf6 6. g3 0-0 7. Bg2 Na6 8. Nf3 Re8 9. 0-0 Qb6 10. Re1 Ne4 11. Nd2 Nxc3 12. bxc3 Be5 13. Nc4 Qf6 14. Nxe5 Qxe5 15. Qd2 d6 16. Bb2 Qh5 17. c4 Nc7 18. a4 a6 19. e4 Rb8 20. Qf4 b5 21. axb5 axb5 22. Qxd6 bxc4 23. Qxc7 Rxb2 24. Qxc5 Bb7 25. Qd4 Re2 26. Qxc4 Rb2 27. Qd4 Qe5 28. Qxe5 Rxe5 29. Reb1 Rxb1+ 30. Rxb1 Re7 31. d6 Rd7 32. e5 1-0

[Event "Mecklenburg VP-ch Seniors 2nd"]
[Site "Sparow"]
[Date "2002.09.20"]
[Round "8"]
[White "Alefs, Heinz"]
[Black "Neumann, Reinhard"]
[Result "1-0"]
[WhiteElo "1689"]
[BlackElo "1544"]
[PlyCount "137"]
[EventDate "2002.09.??"]
[EventType "swiss"]
[EventRounds "9"]
[EventCountry "GER"]
[SourceTitle "EXT 2006"]
[Source "ChessBase"]
[SourceDate "2005.11.24"]
[SourceVersion "1"]
[SourceVersionDate "2005.11.24"]
[SourceQuality "1"]

1. d4 f5 2. c4 Nf6 3. Nf3 e6 4. Nc3 Be7 5. e3 0-0 6. Bd3 a6 7. 0-0 b6 8. e4 fxe4 9. Nxe4 Bb7 10. Qc2 Nxe4 11. Bxe4 Bxe4 12. Qxe4 Nc6 13. d5 exd5 14. Qxd5+ Kh8 15. Rd1 Bd6 16. Bg5 Qe8 17. Be3 Qg6 18. Qg5 Qe6 19. Nd4 Nxd4 20. Bxd4 Rf7 21. b3 h6 22. Qd2 Raf8 23. Re1 Qg4 24. Qxh6+ Kg8 25. Qd2 Qh5 26. g3 a5 27. Re4 Bc5 28. Rf1 Be7 29. Qc2 Qf3 30. Rfe1 Bg5 31. Re8 c5 32. Rxf8+ Rxf8 33. Be3 Re8 34. Qd2 Qe4 35. f4 Bf6 36. Bf2 Qg6 37. Qd5+ Kh7 38. Rd1 Re2 39. Qxd7 Qc2 40. Qd3+ Kh6 41. Qxc2 Rxc2 42. Rd6 Rxa2 43. Rxb6 a4 44. Bxc5 Kg6 45. bxa4 Rxa4 46. Be7 Rxc4 47. Bxf6 gxf6 48. Kg2 Rc2+ 49. Kh3 Rc8 50. g4 Rh8+ 51. Kg3 Rc8 52. g5 Kh5 53. Rxf6 Rc3+ 54. Kf2 Kg4 55. g6 Rc2+ 56. Ke3 Rc8 57. Ke4 Re8+ 58. Kd5 Rg8 59. Ke6 Kh5 60. f5 Kg5 61. Kf7 Ra8 62. Kg7 Ra2 63. h4+ Kxh4 64. Re6 Ra7+ 65. Kh6 Ra5 66. f6 Rh5+ 67. Kg7 Rf5 68. f7 Kg5 69. f8Q 1-0

[Event "Mecklenburg VP-ch Seniors 2nd"]
[Site "Sparow"]
[Date "2002.09.19"]
[Round "7"]
[White "Neumann, Reinhard"]
[Black "Brennscheidt, Raymund"]
[Result "1/2-1/2"]
[WhiteElo "1544"]
[BlackElo "1747"]
[PlyCount "57"]
[EventDate "2002.09.??"]
[EventType "swiss"]
[EventRounds "9"]
[EventCountry "GER"]
[SourceTitle "EXT 2006"]
[Source "ChessBase"]
[SourceDate "2005.11.24"]
[SourceVersion "1"]
[SourceVersionDate "2005.11.24"]
[SourceQuality "1"]

1. e4 e5 2. Nf3 Nc6 3. Bc4 Nf6 4. d3 Be7 5. 0-0 0-0 6. Be3 d6 7. h3 h6 8. Nbd2 Nh7 9. c3 Na5 10. Bb5 c6 11. Ba4 b5 12. Bc2 Be6 13. d4 Qc7 14. b3 Nb7 15. Qe2 a6 16. Rfc1 Rfd8 17. c4 Qb8 18. a4 b4 19. a5 c5 20. d5 Bd7 21. Ra2 Rf8 22. Nf1 Qd8 23. Rca1 Ng5 24. Kh2 f5 25. Nxg5 Bxg5 26. exf5 Bxf5 27. Bxf5 Rxf5 28. Ng3 Bf4 29. Qg4 1/2-1/2

[Event "Mecklenburg VP-ch Seniors 2nd"]
[Site "Sparow"]
[Date "2002.09.18"]
[Round "6"]
[White "Sarkosch, Nerssi"]
[Black "Neumann, Reinhard"]
[Result "0-1"]
[WhiteElo "1657"]
[BlackElo "1544"]
[PlyCount "106"]
[EventDate "2002.09.??"]
[EventType "swiss"]
[EventRounds "9"]
[EventCountry "GER"]
[SourceTitle "EXT 2006"]
[Source "ChessBase"]
[SourceDate "2005.11.24"]
[SourceVersion "1"]
[SourceVersionDate "2005.11.24"]
[SourceQuality "1"]

1. c4 f5 2. g3 Nf6 3. Bg2 e6 4. Nf3 Be7 5. 0-0 0-0 6. d3 d6 7. Nc3 a6 8. b3 Qe8 9. e4 fxe4 10. dxe4 Nbd7 11. Re1 Ng4 12. h3 Nge5 13. Nd4 Qg6 14. Nf3 b6 15. Kh2 Bb7 16. Nxe5 Nxe5 17. f4 Nd7 18. Bb2 h5 19. Qd2 Rab8 20. Rad1 h4 21. g4 Nf6 22. f5 Nxg4+ 23. hxg4 Qxg4 24. Qd3 Bf6 25. Qh3 exf5 26. Qxg4 fxg4 27. Ba1 Be5+ 28. Kg1 h3 29. Bf1 Rf7 30. Nd5 Rbf8 31. Bxe5 dxe5 32. Re2 Bc8 33. Ne3 g6 34. Red2 g3 35. Rd8 Kg7 36. Rxf8 Rxf8 37. Rd2 Rf4 38. Bd3 Rf3 39. Nf1 h2+ 40. Nxh2 gxh2+ 41. Kxh2 Re3 42. Bb1 g5 43. Rd8 Be6 44. Rd2 Kg6 45. Rd8 g4 46. Rd3 Re1 47. Rd8 Rxb1 48. Re8 Kf7 49. Rh8 Ke7 50. Rh5 Kd6 51. Kg3 Rb2 52. Rh7 Rxa2 53. Rh1 Kc5 0-1

[Event "Mecklenburg VP LL2 West 0102"]
[Site "Mecklenburg VP"]
[Date "2002.03.17"]
[Round "7.4"]
[White "Grabow, Gerhard"]
[Black "Neumann, Reinhard"]
[Result "1/2-1/2"]
[WhiteElo "1653"]
[BlackElo "1598"]
[PlyCount "57"]
[EventDate "2001.10.07"]
[EventType "team-tourn"]
[EventRounds "9"]
[EventCountry "GER"]
[SourceTitle "EXT 2022"]
[Source "ChessBase"]
[SourceDate "2021.10.06"]
[SourceVersion "1"]
[SourceVersionDate "2021.10.06"]
[SourceQuality "1"]
[WhiteTeam "Kuehlungsborn SV Empor"]
[BlackTeam "Grevesmuehlen Blau Weiss"]
[WhiteTeamCountry "GER"]
[BlackTeamCountry "GER"]

1. d4 f5 2. c4 Nf6 3. Nc3 e6 4. g3 Be7 5. Bg2 c6 6. Nf3 0-0 7. 0-0 d6 8. Re1 Ne4 9. Nd2 d5 10. cxd5 cxd5 11. f3 Ng5 12. Nb3 Nc6 13. e3 b6 14. a3 Bb7 15. Ne2 Qd7 16. Nf4 e5 17. dxe5 Nxe5 18. Nd4 Bc5 19. Kf2 Rac8 20. b3 Nc6 21. h4 Bxd4 22. exd4 Nf7 23. Qd3 g6 24. Be3 Rfe8 25. Nh3 Ncd8 26. Rac1 Ne6 27. Qd2 Qd6 28. b4 Rc4 29. Bf1 1/2-1/2

[Event "Mecklenburg VP LL2 West 0102"]
[Site "Mecklenburg VP"]
[Date "2001.11.25"]
[Round "3.2"]
[White "Zarncke, Thomas"]
[Black "Neumann, Reinhard"]
[Result "1/2-1/2"]
[WhiteElo "1647"]
[BlackElo "1598"]
[PlyCount "101"]
[EventDate "2001.10.07"]
[EventType "team-tourn"]
[EventRounds "9"]
[EventCountry "GER"]
[SourceTitle "EXT 2022"]
[Source "ChessBase"]
[SourceDate "2021.10.06"]
[SourceVersion "1"]
[SourceVersionDate "2021.10.06"]
[SourceQuality "1"]
[WhiteTeam "Schwerin SF III"]
[BlackTeam "Grevesmuehlen Blau Weiss"]
[WhiteTeamCountry "GER"]
[BlackTeamCountry "GER"]

1. d4 e6 2. c4 f5 3. Nf3 Nf6 4. Bg5 Be7 5. e3 0-0 6. Ne5 d6 7. Nd3 Nbd7 8. Nf4 Nb6 9. Bxf6 Rxf6 10. Bd3 Nd7 11. g4 Nf8 12. gxf5 exf5 13. d5 Qe8 14. Nc3 a6 15. Qf3 Ng6 16. Nce2 Ne5 17. Qg3 Nxd3+ 18. Nxd3 Rg6 19. Qf3 b5 20. Ndf4 Rh6 21. Nd4 bxc4 22. Nfe6 Bxe6 23. Nxe6 Rb8 24. Rg1 Rg6 25. 0-0-0 Bf6 26. Qxf5 Bxb2+ 27. Kd2 c3+ 28. Ke2 Qb5+ 29. Kf3 Qc4 30. Rxg6 hxg6 31. Qxg6 c2 32. Rc1 Qxd5+ 33. Ke2 Qc4+ 34. Kf3 Rf8+ 35. Nxf8 Bxc1 36. Ne6 Qc6+ 37. Kg3 Bb2 38. Ng5 Qd7 39. Qxc2 Be5+ 40. f4 Bf6 41. Qc4+ d5 42. Qxa6 Bxg5 43. fxg5 c5 44. g6 Kf8 45. Qf1+ Ke8 46. a4 Qd6+ 47. Qf4 Qxg6+ 48. Qg4 Qxg4+ 49. Kxg4 Kd7 50. Kf3 Kc6 51. e4 1/2-1/2